01405nam a2200253 a 450000100100000000500170001000800410002704000250006808200180009310000380011124501060014926000450025530000360030050000570033665000250039365100540041870000380047295201300051095201300064095201300077095201150090095201210101599900150113600000354220200929150457.0090710s2004 dr ac 000 0 spa d aDO-SdBNPbspacBNPHU a920.71bR771a1 aRondón Sánchez, Eliseo91095913aLa aventura de vivir :bperfil biográfico /cEliseo Rondón Sánchez ; prólogo Osvaldo Soriano. aSanto Domingo :bAmigo del Hogar,c2004. a245 p. :bil., retrs. ;c23 cm. aIncluye datos biográficos del autor en las solapas 4aAutobiografía9323 4aRepública DominicanaxHistoriazSiglo Xx9109601 aSoriano, Osvaldo,epról.910961 001052708DSaGRbGRcCTd2009-07-10iLF1l0o920.71 R771ap3542-30r2020-06-25te. 3w2020-06-25yLFDSZPréstamo interno 001052708DSaGRbGRcCTd2009-07-10iLF1l0o920.71 R771ap3542-40r2020-06-25te. 4w2020-06-25yLFDSZPréstamo interno 001052708DSaGRbGRcCTd2010-02-05iLF1l0o920.71 R771ap3542-50r2020-06-25te. 5w2020-06-25yLFDSZPréstamo interno 0010718PDaPDbPDcCTd2009-07-10iLF1l0o920.71 R771ap3542-10r2020-06-25w2020-06-25yLFPDZNo se presta 0010718PDaPDbPDcCTd2009-07-10iLF1l0o920.71 R771ap3542-20r2020-06-25te. 2w2020-06-25yLFPDZNo se presta c3367d3367